Zgadnij piosenkę Zeamsone po emotkach #2 - Statystyki

Ogólne statystyki
  • Ten quiz został rozwiązany 13 razy
  • Średni wynik to 7 z 14
Statystyki odpowiedzi
Emotki Piosenka % Poprawnych
7️⃣👩 7 DAM
100%
🌧️ Deszcz
90%
🌧️💰 Deszcz Pieniędzy
90%
❓❓❓ trzy znaki zapytania
90%
🌴😇 Palm Angels
70%
⛰️ Everest
60%
🌹🟨 rosegold
60%
🎸🎶 Gitara mi gra
40%
❤️🔛🏢 Moje serce jest na bloku
20%
🗣️ Mówią
20%
🍬💤 Sweet Dreams
20%
👩 Ona
10%
↩️ Jeszcze Raz
0%
🚗 Lambo
0%
Nie znaleziono quizów pasujących do podanych kryteriów
Rozkład punktacji
Procent ludzi z każdym wynikiem
Percentyl według liczby udzielonych odpowiedzi
Twoja historia wyników
Nie rozwiązałeś tego quizu